| 000 | 00563nam a2200205Ia 4500 | ||
|---|---|---|---|
| 003 | OSt | ||
| 005 | 20250304163301.0 | ||
| 008 | 210210b1973 xxu||||| |||| 00| 0 eng d | ||
| 040 | _cAL | ||
| 041 | _ahin | ||
| 082 | _aH891.4 SIMR | ||
| 100 |
_aSIMH (Udayanarayan): _9203894 |
||
| 110 |
_bसिंह उदयनारायण _9203895 |
||
| 245 |
_aRashtriy pakshi: _b राष्ट्रिय पक्षी |
||
| 260 |
_aIlahabad _bAshutosh Prakashan _c1973 |
||
| 300 | _a48 | ||
| 690 |
_aHindi Prose _9203896 |
||
| 906 | _a030791 | ||
| 942 |
_2ddc _cBK |
||
| 999 |
_c81989 _d81989 |
||